[Event "Krefeld Easter op"]
[Site "Krefeld"]
[Date "2025.04.17"]
[Round "1"]
[White "Gieseler, Felix"]
[Black "Beyerle, Gregor"]
[Result "1-0"]
[WhiteElo "1976"]
[BlackElo "1636"]
[PlyCount "44"]
[EventDate "2025.04.17"]
[EventType "swiss"]
[EventRounds "9"]
[EventCountry "GER"]
[SourceTitle "CB17_2025"]
[SourceDate "2025.04.23"]
[SourceVersion "1"]
[SourceVersionDate "2025.04.23"]
[SourceQuality "1"]

1. e4 c5 2. Nf3 Nc6 3. d4 cxd4 4. Nxd4 g6 5. Be3 Nf6 6. Nc3 Bg7 7. f3 0-0 8. Qd2 d5 9. Nxc6 bxc6 10. 0-0-0 Be6 11. Bh6 Bxh6 12. Qxh6 d4 13. e5 Nh5 14. Ne4 f6 15. g4 Ng7 16. h4 Rf7 17. Bd3 Qd5 18. h5 Qxa2 19. hxg6 Qa1+ 20. Kd2 Qa5+ 21. Ke2 Kf8 22. gxh7 Qd8 1-0

[Event "Krefeld Christmas op"]
[Site "Krefeld"]
[Date "2024.12.29"]
[Round "4"]
[White "Beyerle, Gregor"]
[Black "Toshmatov, Sherzod"]
[Result "0-1"]
[WhiteElo "1635"]
[BlackElo "1803"]
[PlyCount "120"]
[EventDate "2024.12.27"]
[EventType "swiss"]
[EventRounds "7"]
[EventCountry "GER"]
[SourceTitle "CB01_2025"]
[SourceDate "2025.01.01"]
[SourceVersion "1"]
[SourceVersionDate "2025.01.01"]
[SourceQuality "1"]

1. d4 d5 2. c4 e6 3. Nf3 Nf6 4. g3 c6 5. Bg2 dxc4 6. Ne5 Bb4+ 7. Bd2 Qxd4 8. Bxb4 Qxe5 9. Bc3 Qc5 10. Qd2 0-0 11. Bb4 Qb6 12. Bxf8 Kxf8 13. Qd6+ Ke8 14. Nd2 Qxb2 15. 0-0 Nbd7 16. Rfd1 Qe5 17. Nxc4 Qxd6 18. Nxd6+ Ke7 19. Rab1 Nb6 20. a4 Nfd5 21. Nxc8+ Rxc8 22. a5 Nc3 23. axb6 axb6 24. Re1 Nxb1 25. Rxb1 b5 26. Kf1 Rc7 27. Ke1 Kd6 28. Kd2 Kc5 29. Kc3 Rd7 30. Rb2 f5 31. Rd2 b4+ 32. Kc2 b3+ 33. Kc3 Rxd2 34. Kxd2 Kb4 35. Kc1 Kc3 36. e4 g6 37. e5 g5 38. f4 gxf4 39. gxf4 Kd4 40. Bh3 Ke4 41. Kb2 Kxf4 42. Kxb3 Kxe5 43. Kc3 Kf4 44. Kd2 e5 45. Ke2 b5 46. Bg2 e4 47. Kf2 b4 48. Bf1 b3 49. Bc4 b2 50. Ba2 c5 51. Bb1 c4 52. Bc2 Ke5 53. Ke2 f4 54. Kd1 h6 55. h3 Kd4 56. Kd2 f3 57. Ke1 e3 58. h4 e2 59. Kd2 c3+ 60. Ke1 Ke3 0-1

[Event "Krefeld Christmas op"]
[Site "Krefeld"]
[Date "2024.12.28"]
[Round "2"]
[White "Beyerle, Gregor"]
[Black "Freiknecht, Axel"]
[Result "1-0"]
[WhiteElo "1635"]
[BlackElo "1823"]
[PlyCount "75"]
[EventDate "2024.12.27"]
[EventType "swiss"]
[EventRounds "7"]
[EventCountry "GER"]
[SourceTitle "CB01_2025"]
[SourceDate "2025.01.01"]
[SourceVersion "1"]
[SourceVersionDate "2025.01.01"]
[SourceQuality "1"]

1. d4 d5 2. c4 e6 3. Nf3 Nf6 4. g3 Be7 5. Bg2 0-0 6. 0-0 b6 7. cxd5 exd5 8. Nc3 Bb7 9. Qc2 Nbd7 10. Nb5 c5 11. Bf4 Ne8 12. Rfd1 a6 13. Nc3 c4 14. Nd2 Ndf6 15. Nxc4 b5 16. Ne3 Rc8 17. Qb3 Nc7 18. Bxc7 Qxc7 19. Ncxd5 Nxd5 20. Nxd5 Bxd5 21. Bxd5 Qc2 22. Bb7 Qxb3 23. axb3 Rc2 24. d5 Rd8 25. Rxa6 Bd6 26. Rda1 Kf8 27. Ra8 Rxa8 28. Rxa8+ Ke7 29. Bc6 Rxb2 30. Ra7+ Kf6 31. Be8 Rxe2 32. Rxf7+ Ke5 33. Bxb5 Re1+ 34. Kg2 g5 35. Bc4 h6 36. Rh7 Rd1 37. Rxh6 Rd2 38. Re6+ 1-0

[Event "Arco op 46th"]
[Site "Arco"]
[Date "2024.10.09"]
[Round "5"]
[White "Aegerter, Klaus"]
[Black "Beyerle, Gregor"]
[Result "1-0"]
[WhiteElo "1830"]
[BlackElo "1631"]
[PlyCount "37"]
[EventDate "2024.10.05"]
[EventType "swiss"]
[EventRounds "9"]
[EventCountry "ITA"]
[SourceTitle "CB44_2024"]
[Source "Chessbase"]
[SourceDate "2024.10.30"]
[SourceVersion "1"]
[SourceVersionDate "2024.10.30"]
[SourceQuality "1"]

1. Nf3 Nf6 2. g3 b6 3. Bg2 Bb7 4. 0-0 e6 5. d3 d5 6. Nbd2 Bd6 7. b3 c5 8. d4 cxd4 9. Nxd4 Ba6 10. Re1 0-0 11. c4 e5 12. Nf5 Bc5 13. Bb2 Qd7 14. Bh3 Qe8 15. cxd5 Bc8 16. e4 g6 17. Nh6+ Kg7 18. Ng4 Qd7 19. Bxe5 1-0

[Event "Arco op 46th"]
[Site "Arco"]
[Date "2024.10.08"]
[Round "4"]
[White "Beyerle, Gregor"]
[Black "Bruessow, Nina"]
[Result "0-1"]
[WhiteElo "1631"]
[BlackElo "1825"]
[PlyCount "102"]
[EventDate "2024.10.05"]
[EventType "swiss"]
[EventRounds "9"]
[EventCountry "ITA"]
[SourceTitle "CB44_2024"]
[Source "Chessbase"]
[SourceDate "2024.10.30"]
[SourceVersion "1"]
[SourceVersionDate "2024.10.30"]
[SourceQuality "1"]

1. d4 Nf6 2. c4 e6 3. Nf3 Bb4+ 4. Bd2 Qe7 5. a3 Bxd2+ 6. Qxd2 b6 7. g3 Bb7 8. Bg2 d6 9. 0-0 0-0 10. Nc3 Ne4 11. Nxe4 Bxe4 12. Qf4 f5 13. Qg5 Rf6 14. Qh4 Qe8 15. Ng5 Rh6 16. Qf4 e5 17. dxe5 dxe5 18. Qe3 Qh5 19. h4 Bxg2 20. Kxg2 Nc6 21. Qf3 Qxf3+ 22. Nxf3 e4 23. Ng5 Rd6 24. Rad1 Rad8 25. Rxd6 Rxd6 26. b4 h6 27. c5 Rd7 28. b5 Nd4 29. c6 Rd6 30. Nh3 Nxb5 31. a4 Nc3 32. Rc1 Nxa4 33. h5 Nc5 34. Nf4 Rxc6 35. Ng6 Re6 36. Nh4 Rf6 37. Rd1 Rd6 38. Ra1 a5 39. Nxf5 Rd2 40. Kf1 Nb3 41. Ra3 Rd1+ 42. Kg2 Nc5 43. Re3 a4 44. f3 exf3+ 45. Rxf3 Rd8 46. Ne7+ Kh7 47. Rf7 a3 48. Nf5 Ne6 49. Ne3 Rd2 50. Nc4 Rxe2+ 51. Kh3 Ng5+ 0-1